| 000 | 00590naa a2200217 i 4500 | ||
|---|---|---|---|
| 001 | 2884 | ||
| 003 | ES-MaBCM | ||
| 005 | 20250206072533.0 | ||
| 008 | 880728s1988 esp 000 0 spa d | ||
| 021 | _axx | ||
| 035 | _a(OCoLC)1365205319 | ||
| 040 | _cES-MaBCM | ||
| 041 | 0 | _aspa | |
| 043 | _aesp | ||
| 100 | 1 |
_aPease Garcia, Henry _935809 |
|
| 245 | 1 | 3 |
_aLa posibilidad democrática en América Latina _cHenry Pease García |
| 650 | 2 | 7 |
_aDemocracia _958263 |
| 651 | 2 | 4 |
_aAmérica Latina _9115440 |
| 773 | 0 |
_aEn: _tLeviatán _dMadrid : 1988 _gnº 32 ; p. 121-133 _w104459 |
|
| 942 | _cAREV | ||
| 999 |
_c2884 _d2884 |
||